| 000 | 00464nam a2200157 i 4500 | ||
|---|---|---|---|
| 001 | 41036 | ||
| 003 | ES-MaACL | ||
| 007 | t| | ||
| 008 | 030307s1903 xxk ||||1| eng d | ||
| 100 | 1 |
_aCarlyle, R. W. _935315 |
|
| 245 | 1 | 0 |
_aA history of medieval political theory in the west / _cby R. W. Carlyle and J. Carlyle. |
| 260 |
_aEdinburg : _bWilliam Blackwood, _c1903. |
||
| 300 |
_a2 v. ; _c23 cm. |
||
| 700 | 1 |
_aCarlyle, J. _935314 |
|
| 852 |
_aES-MaACL _jG-12312-13 |
||
| 999 |
_c41036 _d41036 |
||